Guía de campo para observadores de aves en la región de samaná / (Registro nro. 30697)
[ vista simple ]
| 000 -CABECERA | |
|---|---|
| campo de control de longitud fija | 00770nam a2200193 a 4500 |
| 001 - NÚMERO DE CONTROL | |
| campo de control | 000031205 |
| 005 - FECHA Y HORA DE LA ÚLTIMA TRANSACCIÓN | |
| campo de control | 20200930062754.0 |
| 008 - DATOS DE LONGITUD FIJA--INFORMACIÓN GENERAL | |
| campo de control de longitud fija | 110614nuuuuuuuudr a 000 | spa d |
| 082 ## - NÚMERO DE LA CLASIFICACIÓN DECIMAL DEWEY | |
| Número de clasificación | xxx |
| Número de documento/Ítem | C397g |
| 040 ## - FUENTE DE LA CATALOGACIÓN | |
| Centro catalogador/agencia de origen | DO-SdBNP |
| 110 2# - ENTRADA PRINCIPAL--NOMBRE DE ENTIDAD CORPORATIVA | |
| Nombre de entidad corporativa o nombre de jurisdicción como elemento de entrada | Centro para la Conservación y Ecodesarrollo de la Bahía de Samaná y su Entorno |
| 9 (RLIN) | 57672 |
| 245 10 - MENCIÓN DE TÍTULO | |
| Título | Guía de campo para observadores de aves en la región de samaná / |
| Mención de responsabilidad, etc. | compilación, traducción y redacción de Patricia Lamelas...[et al.]. |
| 260 ## - PUBLICACIÓN, DISTRIBUCIÓN, ETC. | |
| Lugar de publicación, distribución, etc. | Samaná, República Dominicana : |
| Nombre del editor, distribuidor, etc. | CEBSE, |
| Fecha de publicación, distribución, etc. | [200?]. |
| 300 ## - DESCRIPCIÓN FÍSICA | |
| Extensión | 150 p. : |
| Otras características físicas | il. ; |
| Dimensiones | 20 cm. |
| 700 1# - PUNTO DE ACCESO ADICIONAL--NOMBRE DE PERSONA | |
| Nombre de persona | Lamelas, Patricia, |
| Término indicativo de función/relación | comp. |
| 9 (RLIN) | 57673 |
| 700 1# - PUNTO DE ACCESO ADICIONAL--NOMBRE DE PERSONA | |
| Nombre de persona | Ventura, Carlotta, |
| Término indicativo de función/relación | comp. |
| 9 (RLIN) | 57674 |
| 700 1# - PUNTO DE ACCESO ADICIONAL--NOMBRE DE PERSONA | |
| Nombre de persona | Buglass, Suranahí, |
| Término indicativo de función/relación | comp. |
| 9 (RLIN) | 57675 |
| 700 1# - PUNTO DE ACCESO ADICIONAL--NOMBRE DE PERSONA | |
| Nombre de persona | Pren, Ingrid, |
| Término indicativo de función/relación | comp. |
| 9 (RLIN) | 57676 |
| Estado de retiro | Estado de pérdida | No para préstamo | Código de colección | Localización permanente | Ubicación/localización actual | Ubicación en estantería | Fecha de adquisición | Número de inventario | Total de préstamos | Signatura topográfica completa | Código de barras | Fecha visto por última vez | Precio válido a partir de | Tipo de ítem Koha |
|---|---|---|---|---|---|---|---|---|---|---|---|---|---|---|
| Excluido de préstamo | Patrimonio Dominicano | Patrimonio Dominicano | Patrimonio Dominicano | Depósito | 14.06.2011 | LF1 | xxx C397g | 31205-10 | 25.06.2020 | 25.06.2020 | Libro y Folleto Colección Patrimonio Dominicano |
